000 00920nam a2200229 a 4500
001 99848843302419
008 190514s2017 ||||||||||||||||| || u
020 _a9780980232752
050 _aQA 303 Stra
100 _aStrang, Gilbert
245 1 0 _aCalculus (3rd edition)
_cGilbert Strang
250 _a3rd edition
260 _aWellesley
_bWellesley-Cambridge Press
_c2017
300 _axi, 682 pages : illustrations
337 _aunmediated
338 _avolume
_2rdacarrier
650 0 _aCALCULUS
995 _aMAIN LIBRARY OPEN ACCESS
_e749084
_FCBU-MAIN LIBRARY (Kitwe)
_I75.00
_jQA 303 Stra
_M1
_UAVAILABLE
_WMay 14, 2019
_y749084
_ZMain Library Open Access Collection
995 _aMAIN LIBRARY OPEN ACCESS
_e749085
_FCBU-MAIN LIBRARY (Kitwe)
_I75.00
_jQA 303 Stra
_M2
_UAVAILABLE
_WMay 14, 2019
_y749085
_ZMain Library Open Access Collection
999 _c79105
_d79105